| 000 | 00521nam a2200193 a 4500 | ||
|---|---|---|---|
| 005 | 20210219150413.0 | ||
| 008 | 991125s1982 mx 000 0 spa u | ||
| 020 | _a9684270933 | ||
| 035 | _aUPN01000013633 | ||
| 049 | _aCG | ||
| 050 | 4 |
_aHX550 P7 _bF4.2 |
|
| 100 | 1 | _aFerrero, José | |
| 245 | 1 | 0 |
_aDefensa de la propiedad por Marx y Engels / _cJosé Ferraro. |
| 260 |
_aMéxico : _bNuestro Tiempo, _c1982. |
||
| 300 | _a215 p. | ||
| 440 | 0 | _aTeoría e historia | |
| 650 | 4 | _aPROPIEDAD Y SOCIALISMO | |
| 905 | _aLibro | ||
| 999 |
_c13633 _d13633 |
||